000 00784nam a2200169Ia 4500
008 090124s9999 xx 000 0 und d
082 _b45175
100 _aपेशवे दिंगबर नारायण
245 _a श्री तुळजाभवानीची उपासना व क्षेत्र महिमा
250 _a0
300 _a29
600 _aपेशवे दिंगबर नारायण
630 _a श्री तुळजाभवानीची उपासना व क्षेत्र महिमा
700 _aपेशवे दिंगबर नारायण
730 _a श्री तुळजाभवानीची उपासना व क्षेत्र महिमा
942 _cBOOK
999 _c111405
_d111405